=LDR 00000nam 2200000 4500 =001 INLIS000000000062184 =005 20230621010736 =035 ##$$a 0010-0623000025 =007 ta =008 230621###########################0###### =020 ##$$a 978-602-53595-8-3 =082 ##$$a 618.6 =084 ##$$a 618.6 EKA a =100 #$$a Eka Putri Saudia Baiq, S.SiT.,M.Keb =245 1#$$a Asuhan Kebidanan Masa Nifas Menyusui : $b Modul Praktikum /$c Baiq Eka Putri Saudia, S.SiT., M.Keb =250 ##$$a 1 =260 ##$$a Mataram :$b Jurusan Kebidanan Poltekkes Kemenkes Mataram,$c 2019 =300 ##$$a iv, 70 halaman : $b ilus ; $c 20 cm$e Lain-lain =650 #4$$a Nifas - perawatan - laktasi =990 ##$$a 230/52/2023